Persönlichkeitsstörungen
Saved in:
| Main Authors: | , , |
|---|---|
| Format: | Chapter/Article |
| Language: | German |
| Published: |
2019
|
| In: |
Psychische Erkrankungen
Year: 2019, Pages: 615-680.e11 |
| DOI: | 10.1016/B978-3-437-22485-0.00021-X |
| Online Access: | Verlag, lizenzpflichtig, Volltext: https://doi.org/10.1016/B978-3-437-22485-0.00021-X Verlag, lizenzpflichtig, Volltext: https://www.sciencedirect.com/science/article/pii/B978343722485000021X |
| Author Notes: | Martin Bohus, Rolf-Dieter Stieglitz, Peter Fiedler, Heide Hecht, Sabine C. Herpertz, Rüdiger Müller-Isberner und Mathias Berger |
MARC
| LEADER | 00000caa a2200000 c 4500 | ||
|---|---|---|---|
| 001 | 1752080793 | ||
| 003 | DE-627 | ||
| 005 | 20220819142339.0 | ||
| 007 | cr uuu---uuuuu | ||
| 008 | 210322s2019 xx |||||o 00| ||ger c | ||
| 024 | 7 | |a 10.1016/B978-3-437-22485-0.00021-X |2 doi | |
| 035 | |a (DE-627)1752080793 | ||
| 035 | |a (DE-599)KXP1752080793 | ||
| 035 | |a (OCoLC)1341400914 | ||
| 040 | |a DE-627 |b ger |c DE-627 |e rda | ||
| 041 | |a ger | ||
| 084 | |a 11 |2 sdnb | ||
| 100 | 1 | |a Bohus, Martin |d 1956- |e VerfasserIn |0 (DE-588)123588308 |0 (DE-627)082645469 |0 (DE-576)167043471 |4 aut | |
| 245 | 1 | 0 | |a Persönlichkeitsstörungen |c Martin Bohus, Rolf-Dieter Stieglitz, Peter Fiedler, Heide Hecht, Sabine C. Herpertz, Rüdiger Müller-Isberner und Mathias Berger |
| 264 | 1 | |c 2019 | |
| 300 | |a 77 | ||
| 336 | |a Text |b txt |2 rdacontent | ||
| 337 | |a Computermedien |b c |2 rdamedia | ||
| 338 | |a Online-Ressource |b cr |2 rdacarrier | ||
| 500 | |a Gesehen am 22.03.2021 | ||
| 700 | 1 | |a Fiedler, Peter |d 1945- |e VerfasserIn |0 (DE-588)11544338X |0 (DE-627)077255437 |0 (DE-576)160940079 |4 aut | |
| 700 | 1 | |a Herpertz, Sabine |d 1960- |e VerfasserIn |0 (DE-588)132328526 |0 (DE-627)520581113 |0 (DE-576)182985261 |4 aut | |
| 773 | 0 | 8 | |i Enthalten in |t Psychische Erkrankungen |b 6., vollständig neu bearbeitete Auflage |d München : Elsevier, 2019 |g (2019), Seite 615-680.e11 |h 1 Online-Ressource (XXVII, 911 Seiten) |w (DE-627)165373356X |w (DE-576)516576763 |7 nnam |a Persönlichkeitsstörungen |
| 773 | 1 | 8 | |g year:2019 |g pages:615-680.e11 |g extent:77 |a Persönlichkeitsstörungen |
| 856 | 4 | 0 | |u https://doi.org/10.1016/B978-3-437-22485-0.00021-X |x Verlag |x Resolving-System |z lizenzpflichtig |3 Volltext |
| 856 | 4 | 0 | |u https://www.sciencedirect.com/science/article/pii/B978343722485000021X |x Verlag |z lizenzpflichtig |3 Volltext |
| 951 | |a AR | ||
| 992 | |a 20210322 | ||
| 993 | |a BookComponentPart | ||
| 994 | |a 2019 | ||
| 998 | |g 132328526 |a Herpertz, Sabine |m 132328526:Herpertz, Sabine |d 910000 |d 910600 |e 910000PH132328526 |e 910600PH132328526 |k 0/910000/ |k 1/910000/910600/ |p 5 | ||
| 998 | |g 11544338X |a Fiedler, Peter |m 11544338X:Fiedler, Peter |d 100000 |d 100200 |e 100000PF11544338X |e 100200PF11544338X |k 0/100000/ |k 1/100000/100200/ |p 3 | ||
| 998 | |g 123588308 |a Bohus, Martin |m 123588308:Bohus, Martin |d 60000 |e 60000PB123588308 |k 0/60000/ |p 1 |x j | ||
| 999 | |a KXP-PPN1752080793 |e 3892757224 | ||
| BIB | |a Y | ||
| JSO | |a {"name":{"displayForm":["Martin Bohus, Rolf-Dieter Stieglitz, Peter Fiedler, Heide Hecht, Sabine C. Herpertz, Rüdiger Müller-Isberner und Mathias Berger"]},"person":[{"role":"aut","given":"Martin","family":"Bohus","display":"Bohus, Martin"},{"display":"Fiedler, Peter","family":"Fiedler","given":"Peter","role":"aut"},{"display":"Herpertz, Sabine","family":"Herpertz","role":"aut","given":"Sabine"}],"language":["ger"],"title":[{"title_sort":"Persönlichkeitsstörungen","title":"Persönlichkeitsstörungen"}],"origin":[{"dateIssuedDisp":"2019","dateIssuedKey":"2019"}],"physDesc":[{"extent":"77 S."}],"note":["Gesehen am 22.03.2021"],"relHost":[{"language":["ger"],"person":[{"role":"edt","given":"Mathias","family":"Berger","display":"Berger, Mathias"},{"role":"edt","given":"Heide","family":"Hecht","display":"Hecht, Heide"},{"display":"Agyemang, Anja","family":"Agyemang","role":"aut","given":"Anja"}],"title":[{"title_sort":"Psychische Erkrankungen","subtitle":"Klinik und Therapie","title":"Psychische Erkrankungen"}],"type":{"media":"Online-Ressource","bibl":"edited-book"},"id":{"doi":["10.1016/C2017-0-03379-7"],"eki":["165373356X"]},"physDesc":[{"extent":"1 Online-Ressource (XXVII, 911 Seiten)","noteIll":"Illustrationen"}],"origin":[{"dateIssuedDisp":"[2019]","dateIssuedKey":"2019","editionNo":"6","publisher":"Elsevier","edition":"6., vollständig neu bearbeitete Auflage","publisherPlace":"München"}],"disp":"PersönlichkeitsstörungenPsychische Erkrankungen","relMultPart":[{"type":{"bibl":"serial","media":"Online-Ressource"},"title":[{"title":"Science direct / German Medical Collection","title_sort":"Science direct / German Medical Collection"}],"language":["ger","eng"],"disp":"German Medical Collection","dispAlt":"Science direct / German Medical Collection","id":{"eki":["865360391"]},"physDesc":[{"extent":"Online-Ressource"}],"origin":[{"dateIssuedKey":"2008","dateIssuedDisp":"2008-"}],"titleAlt":[{"title":"Elsevier eBook collection on ScienceDirect"},{"title":"German Medical Collection"}],"recId":"865360391","part":{"number":["[163]"],"number_sort":["163"]}}],"name":{"displayForm":["Berger, herausgegeben von Mathias Berger unter Mitarbeit von Heide Hecht ; in Zusammenarbeit mit der Cochrane Deutschland Stiftung ; mit Beiträgen von: Anja Agyemang [und 71 weiteren]"]},"recId":"165373356X","part":{"pages":"615-680.e11","year":"2019","text":"(2019), Seite 615-680.e11","extent":"77"}}],"recId":"1752080793","type":{"bibl":"chapter","media":"Online-Ressource"},"id":{"eki":["1752080793"],"doi":["10.1016/B978-3-437-22485-0.00021-X"]}} | ||
| SRT | |a BOHUSMARTIPERSOENLIC2019 | ||